Öko-Controlling als Führungsinstrument

Gespeichert in:
Bibliographische Detailangaben
1. Verfasser: Rück, Thomas
Format: Buch
Sprache:Deutsch
Veröffentlicht: Wiesbaden Deutscher Universitäts Verlag 1993
Ausgabe:1. Aufl.
Schlagworte:
Tags: Tag hinzufügen
Keine Tags, Fügen Sie das erste Tag hinzu!

MARC

LEADER 00000nam a2200000 4500
001 c010995
005 20221206074838.9
020 |a 3-8244-0150-9 
041 0 |a ger 
044 |a DE 
245 1 0 |a Öko-Controlling als Führungsinstrument  |c Thomas Rück 
250 |a 1. Aufl. 
264 1 |a Wiesbaden  |b Deutscher Universitäts Verlag  |c 1993 
300 |a 230 s. 
610 2 0 |a ekológia 
610 2 0 |a prostredie životné 
610 2 0 |a ochrana prostredia životného 
610 2 0 |a kontroling 
610 2 0 |a podnik 
610 2 0 |a riadenie podnikové 
610 2 0 |a plánovanie 
610 2 0 |a systémy informačné 
610 2 0 |a účtovníctvo 
610 2 0 |a bilancie 
610 2 0 |a koordinácia 
100 1 |a Rück, Thomas